Dynamic commodity models: specification, estimation, and simulation. / (Record no. 838)

MARC details
000 -LEADER
fixed length control field 01351cam a2200277 4500
001 - CONTROL NUMBER
control field 3140621
005 - DATE AND TIME OF LATEST TRANSACTION
control field 20210414113935.0
008 - FIXED-LENGTH DATA ELEMENTS--GENERAL INFORMATION
fixed length control field 730123s1973 maua bs 001 0 eng
010 ## - LIBRARY OF CONGRESS CONTROL NUMBER
LC control number 73000986
020 ## - INTERNATIONAL STANDARD BOOK NUMBER
International Standard Book Number 0669818771
040 ## - CATALOGING SOURCE
Original cataloging agency DLC
Transcribing agency DLC
Modifying agency DLC
050 00 - LIBRARY OF CONGRESS CALL NUMBER
Classification number HF1040.7.L32
082 00 - DEWEY DECIMAL CLASSIFICATION NUMBER
Classification number 658.5
100 1# - MAIN ENTRY--PERSONAL NAME
Personal name Labys, Walter C.,
Dates associated with a name 1937-
245 10 - TITLE STATEMENT
Title Dynamic commodity models: specification, estimation, and simulation. /
Statement of responsibility, etc. [by] Walter C. Labys.
260 ## - PUBLICATION, DISTRIBUTION, ETC.
Place of publication, distribution, etc. Lexington, Mass.:
Name of publisher, distributor, etc. Lexington Books,
Date of publication, distribution, etc. [1973].
300 ## - PHYSICAL DESCRIPTION
Extent xvii, 351 p.:
Other physical details ill.;
Dimensions 24 cm.
500 ## - GENERAL NOTE
General note Includes bibliographical references [272-309] and index.
505 ## - FORMATTED CONTENTS NOTE
Formatted contents note Contents: Introduction to commodity models -- Components of commodity models: Demand -- Supply -- Inventories -- Prices -- Complete commodity models: Model specification and estimation -- Model stability -- Application of commodity models: Multiplier analysis -- Simulation analysis -- Conclusions -- Appendixes: Appendix A: Stability conditions for first and higher order systems -- Appendix B: Spectral validation of commodity models -- Appendix C: An inventory of commodity models.
650 #0 - SUBJECT ADDED ENTRY--TOPICAL TERM
Topical term or geographic name entry element Commercial products
General subdivision Mathematical models.
650 #0 - SUBJECT ADDED ENTRY--TOPICAL TERM
Topical term or geographic name entry element Coconut oil.
650 #0 - SUBJECT ADDED ENTRY--TOPICAL TERM
Topical term or geographic name entry element Palm oil.
740 ## - ADDED ENTRY--UNCONTROLLED RELATED/ANALYTICAL TITLE
Uncontrolled related/analytical title Commodity models.
906 ## - LOCAL DATA ELEMENT F, LDF (RLIN)
a 7
b cbc
c orignew
d 1
e ocip
f 19
g y-gencatlg
942 ## - ADDED ENTRY ELEMENTS (KOHA)
Source of classification or shelving scheme Library of Congress Classification
Koha item type Books
Holdings
Withdrawn status Lost status Source of classification or shelving scheme Damaged status Not for loan Home library Current library Shelving location Date acquired Total Checkouts Full call number Barcode Date last seen Copy number Price effective from Koha item type
    Library of Congress Classification     WISCONSIN INTERNATIONAL UNIVERSITY COLLEGE, GHANA - MAIN LIBRARY WISCONSIN INTERNATIONAL UNIVERSITY COLLEGE, GHANA - MAIN LIBRARY General Stacks 09/05/2012   HF1040.7.L32 2025/12 09/05/2012 1 09/05/2012 Books

If you have any concerns or questions; kindly contact the library


© Powered by WIUC ICT DIRECTORATE